العادات السبع للإقدام على التغيير بشجاعة / (Record no. 15317)
[ view plain ]
| 000 -الفاتح | |
|---|---|
| حقل البيانات ثابتة الطول | 01308nam a22002297a 4500 |
| 008 - عناصر البيانات ثابتة الطول - معلومات عامة | |
| حقل البيانات ثابتة الطول | 110518r2008 su||||||r||| 00| 0 arad |
| 020 ## - الرقم الدولى المعيارى للكتب | |
| الرقم الدولى المعيارى للكتاب | 6281072025496 |
| 082 ## - رقم تصنيف ديوى العشرى | |
| رقم الطبعة | 22 |
| رقم التصنيف | 158.1 |
| رقم المادة | ك و ف |
| 100 ## - المدخل الرئيسى - إسم شخصى | |
| 9 (RLIN) | 23915 |
| الإسم الشخصى | كوفي، ستيفن ر |
| 240 ## - العنوان الموحد | |
| عنوان موحد | Living the 7 Habits : The Courage to Change / Stephen R. Covey |
| 245 ## - بيان العنوان | |
| العنوان | العادات السبع للإقدام على التغيير بشجاعة / |
| بيان المسئوليه,etc | ترجمة مكتبة جرير؛ ستيفن ر. كوفي |
| 246 ## - العنوان الموازى | |
| عنوان صحيح/عنوان مختصر | : أروع قصص الأمل والإلهام |
| بقية العنوان | العادات السبع للإقدام على التغيير بشجاعة |
| 260 ## - PUBLICATION, DISTRIBUTION, ETC. (IMPRINT) | |
| مكان الناشر او الموزع | الرياض : |
| اسم الناشر او الموزع | مكتبة جرير، |
| تاريخ النشر أو التوزيع | 2008 |
| 300 ## - الوصف المادى | |
| التعداد | 377 ص ؛ |
| أبعاد الوعاء | 22 سم |
| 500 ## - تبصرة عامة | |
| تبصرة عامة | ترجمة لكتاب : Living the 7 Habits : The Courage to change / Stephen R. Covey |
| 650 ## - المدخل الاضافى بالموضوع-مصطلح موضوعى | |
| 9 (RLIN) | 23916 |
| مصطلح موضوعي أو اسم جغرافي كعنصر مدخل | النجاح الشخصي |
| 653 ## - مصطلح تكشيفى غير مقيد | |
| Resource For college | |
| Arrived date list | May2011 |
| 710 ## - المدخل الاضافى - اسم هيئه | |
| 9 (RLIN) | 23926 |
| اسم الهيئة أو اسم السلطة كمدخل | مكتبة جرير |
| 942 ## - عناصر المدخل الإضافي( كوها) | |
| مصدر التصنيف او مخطط الترفيف | Dewey Decimal Classification |
| Koha [default] item type | Book - Borrowing |
| حالة التراجع | حالة الفقد | مصدر التصنيف او خطة الترفيف | حالة تلف | ليس للاعارة | مجموعات كوها | المكان الدائم | المكان الحالي | موقع الترفيف | تاريخ الاكتساب | Source of acquisition | سعر الشراء الطبيعي | تعداد مسلسل / التسلسل الزمني | رقم الاستدعاء | الباركود | Date last seen | مُعار | نوع الوعاء |
|---|---|---|---|---|---|---|---|---|---|---|---|---|---|---|---|---|---|
| Dewey Decimal Classification | Diwan | Central Library | Central Library | Lower Floor | 18/05/2011 | 67.00 | 124070 | 158.1 ك و ف | 000023598 | 15/07/2025 | 16/03/2023 | Book - Borrowing | |||||
| Dewey Decimal Classification | Alef book stores | Central Library | Central Library | Lower Floor | 13/12/2011 | 67.00 | 3161 | 158.1 ك و ف | 000025833 | 08/02/2026 | 01/02/2026 | Book - Borrowing |